| 000 | 01148cab a22002055a 4500 | ||
|---|---|---|---|
| 001 | L141878 | ||
| 008 | 080104e20071213xxkb f 000 0 eng d | ||
| 035 | _a(Sirsi) u141878 | ||
| 041 | 0 | _aeng | |
| 100 | 1 | _aKolb, Jaffer | |
| 245 | 0 | 4 |
_aThe Olympics and the Thames Gateway are bringing radical change to East London _bthe East London Green Grid is using this opportunity to redefine open space, and solves a major planning problem |
| 260 | _c2007 | ||
| 490 |
_aArchitects' Journal _v22(226) 13 December 2007, 24-29(6) |
||
| 520 | _aAppraises the East London Green Grid (ELGG), a strategic planning guide to locate parks and open space across East London boroughs. It is a part of the regeneration of the Thames Gateway which has been enabled by the 2012 Olympics. The ELGG plans juxtapose different layers of information in an attempt to plan an interconnected series of six regions. Overviews the ELGG's structure, describing it as a central agency loosely governing a set of autonomous localities. | ||
| 590 | _aKA | ||
| 650 | 2 | 4 | _aOLYMPIC GAMES 2012 |
| 651 | 4 | _aLondon | |
| 690 | _aPROPERTY-PROPERTY MANAGEMENT-REGENERATION | ||
| 942 | _n0 | ||
| 999 |
_c79640 _d79640 |
||